Rubberinu idavilayaayi oushadha sasyangal (Record no. 68246)

MARC details
000 -LEADER
fixed length control field 00320nam a2200133Ia 4500
100 ## - MAIN ENTRY--AUTHOR NAME
Personal name Anitha S
245 #0 - TITLE STATEMENT
Title Rubberinu idavilayaayi oushadha sasyangal
260 ## - PUBLICATION, DISTRIBUTION, ETC. (IMPRINT)
Name of publisher Rubber
Year of publication 2021
300 ## - PHYSICAL DESCRIPTION
Number of Pages 20-23
650 ## - SUBJECT ADDED ENTRY--TOPICAL TERM
Topical Term Intercrop
650 ## - SUBJECT ADDED ENTRY--TOPICAL TERM
Topical Term Medicianl plants
942 ## - ADDED ENTRY ELEMENTS (KOHA)
Koha item type Journals
Holdings
Withdrawn status Lost status Damaged status Not for loan Home library Current library Shelving location Date acquired Serial Enumeration / chronology Koha item type
      Journals RRII Library RRII Library Agronomy 17/12/2021 Volume 658, Issue March Journals